000 00697nam a2200229 u 4500
005 20240228064334.0
008 190131s2006 r 000 0 eng d
020 _a0746073917 (10 dígitos)
020 _a9780746073919 (13 dígitos)
035 _aUPN01000228755
049 _aI
050 4 _aPZ71
_bD5.8
245 0 0 _aDime lo que ves en la playa /
_cil. Francesca Allen.
260 _aLondres :
_bUsborne,
_c2006.
300 _a[12] p. :
_bprincipalmente il. col.
440 0 _aDime lo que ves
650 4 _aLibros y lectura para niños
_92290
650 7 _aLibros ilustrados para niños
_2
_921365
700 1 _aAllen, Francesca,
_eil.
_937204
905 _aInfantil
999 _c200850
_d200850